00556nam a2200145Ia 4500008004100000020001800041041000800059082001600067245008300083250000600166260004100172300001100213999001900224952016700243210716s2016 xx 000 0 und d a9788126562633 aeng a153.94 GMAT aUtimate one minute explanations to GMAT OG 2017 sentence corrwction questions. a1 aNew DelhibWiley India Pvt Ltdc2016 aix,186 c195555d195555 00102ddc40708MCAaAIMITbAIMITeKnowledge Worldg899.00iBill no:318;Bill dt:2017-02-10l0o153.94 GMATpMCA15065r2026-05-23 00:00:00v674.25w2021-07-16yBK